Normal view
MARC view
- Literatura latinoamericana
Entry Materia
001 - NÚMERO DE CONTROL DEL REGISTRO
- campo de control: 1090
003 - IDENTIFICADOR DE NUMERO DE CONTROL
- campo de control: UPN
005 - FECHA Y HORA DE LA ÚLTIMA TRANSACCIÓN
- campo de control: 20250410110217.0
008 - DATOS DE LONGITUD FIJA
- campo de control de longitud fija: 250410nabaccnnaabn b |nc |d
035 ## - NÚMERO DE CONTROL DEL SISTEMA
- Número de control del sistema: UPN10000001090
040 ## - FUENTE DE LA CATALOGACIÓN
- Lengua de catalogación: SPA
- Agencia de transcripción: UPN
150 ## - ENCABEZAMIENTO - TEMÁTICO
- Término de materia o nombre geográfico como elemento inicial: Literatura latinoamericana
450 ## - VÉASE - MATERIA
- Encabezamiento temático: América Latina -
- Subdivisión temática general: Literatura
550 ## - VÉASE ADEMÁS - MATERIA
- Encabezamiento temático o nombre geográfico como elemento de entrada: LITERATURA HISPANOAMERICANA
670 ## - FUENTE EN LA QUE SE LOCALIZARON DATOS
- Cita de la fuente: R
680 ## - NOTA GENERAL CON DESPLIEGUE PÚBLICO
- Texto explicativo: Usase cuando incluye la literatura haitiana o brasileña, o ambas, y siempre que el epígrafe se aplique a más de tres países de la América Latina
902 ## - CATALOGADOR
- Catalogador: MMA/171097
